| 000 | 00996nam a22002657a 4500 | ||
|---|---|---|---|
| 005 | 20170124103032.0 | ||
| 010 | _aB-091750 | ||
| 020 |
_c120.00 _a8188081191 |
||
| 035 | _aB-091750 | ||
| 037 | _bCen Lib/Ret | ||
| 040 |
_aDPL _bHN |
||
| 082 |
_aक _bतिवारी |
||
| 100 |
_aतिवारी, स्वाति _964313 |
||
| 245 |
_aमुडती है यूँ जिंदगी / _c स्वाति तिवारी |
||
| 246 |
_aMudti hai yun jindagi _b by Swati Tiwari |
||
| 260 |
_aदिल्ली _bदिशा प्रकाशन _c2003 |
||
| 270 |
_a138/16, त्रिनगर _bदिल्ली _e110035 |
||
| 300 |
_a115पृष्ठ. _c19सेमी(सजिल्द) |
||
| 490 | _a | ||
| 650 |
_aहिंदी साहित्य _964314 |
||
| 650 |
_aहिंदी कहानी _964315 |
||
| 650 |
_aHindi literature _964316 |
||
| 650 |
_a hindi story _943117 |
||
| 942 |
_2ddc _cHN _hक _mतिवारी |
||
| 999 |
_c115998 _d115998 |
||